| 000 | 01123nam0a22002531 4500 | ||
|---|---|---|---|
| 001 | v19\rc\1458181 | ||
| 005 | 20260407123823.0 | ||
| 035 | _a(NLR Aleph) 004596884 | ||
| 090 |
_a2732827 _c2732827 |
||
| 100 | _a20060620d1875 |||y0rusy50 ca | ||
| 101 | 0 | _arus | |
| 102 | _aRU | ||
| 105 | _ay z ||||| | ||
| 200 | 1 |
_aСоглашение между управлениями Московско-Брестской и Варшавско-Тереспольской железных дорог, состоявшееся в Варшаве 1/13 июня 1874 года _fПрямое пассажир. и товар. сообщ. Моск.-Брест. и Варш.-Тереспол. ж. д. |
|
| 210 |
_aМосква _d1875 |
||
| 215 | _a47 с. | ||
| 710 | 0 | 2 |
_aАлександровская железная дорога _9424361 _3RU\NLR\AUTH\889964070 |
| 712 | 0 | 2 |
_aВаршавско-Тереспольская железная дорога _9424298 _3RU\NLR\AUTH\889964032 |
| 801 | 0 |
_aRU _bNLR _gpsbo |
|
| 801 | 0 |
_aRU _bRuMoRGB _2psbo |
|
| 801 | 1 |
_aRU _bProSoft-M _2rusmarc |
|
| 852 |
_aNLR _j34.52.6.654 |
||
| 942 | _cBOOK | ||
| 980 | _aNB | ||